00498nam a2200205Ia 450000500170000000800460001702000180006303700100008104000080009104000080009904000080010704100080011504100080012308400080013110000350013924500330017426000230020726000090023085600530023920260121154737.0008 260114s9999 xx 000 0 eng d a9781003196037 aEBOOK aCRL beng cCRL 2eng aeng qCRL a Harsh Pant; Kashish Parpiani  0aAmerica and the Indo-Pacific bTaylor and Francis c2021 uhttp://www.taylorfrancis.com/books/9781003196037